书目信息 |
| 题名: |
楚辞选注
|
|
| 作者: | 金开诚 选注 | |
| 分册: | ||
| 出版信息: | 北京 人民文学出版社 1991 |
|
| 页数: | 184页 | |
| 开本: | 19cm | |
| 丛书名: | ||
| 单 册: | ||
| 中图分类: | I222.3 , I211 | |
| 科图分类: | ||
| 主题词: | 楚辞--注释 , 文学--作品集--中国 | |
| 电子资源: | ||
| ISBN: | ||
| 000 | 00645nam0 2200253 450 | |
| 001 | 1538104462 | |
| 005 | 20150125103618.26 | |
| 010 | @dCNY2.80 | |
| 091 | @a10071.261 | |
| 100 | @a19951103d1991 em y0chiy0110 ea | |
| 101 | 0 | @achi |
| 102 | @aCN@b110000 | |
| 105 | @ay z 000yy | |
| 200 | 1 | @a楚辞选注@9chu ci xuan zhu@f金开诚选注 |
| 210 | @a北京@c人民文学出版社@d1991 | |
| 215 | @a184页@d19cm | |
| 300 | @a中国古典文学普及读物 | |
| 606 | 0 | @a楚辞@x注释 |
| 606 | 0 | @a文学@x作品集@x中国 |
| 690 | @aI222.3@v5 | |
| 690 | @aI211@v4 | |
| 701 | 0 | @a金开诚@9jin kai cheng@4选注 |
| 801 | 0 | @aCN@bTSSF@c20150125 |
| 905 | @aZUCC@dI211@eJY57 | |
| 楚辞选注/金开诚选注.-北京:人民文学出版社,1991 |
| 184页;19cm |
| 中国古典文学普及读物 |
| ISBN :CNY2.80 |
| ● |
| 相关链接 |
|
|
|
|
正题名:楚辞选注
索取号:I211/JY57
 
预约/预借
| 序号 | 登录号 | 条形码 | 馆藏地/架位号 | 状态 | 备注 |
| 1 | 7853933 | 278539333 | 学院路分馆/ [索取号:I211/JY57] | 在馆 |